[Event "Hallstahammar op"]
[Site "Hallstahammar"]
[Date "2004.09.12"]
[Round "8"]
[White "Dahlin, Harold"]
[Black "Orndahl, Markus"]
[Result "0-1"]
[WhiteElo "1663"]
[BlackElo "1927"]
[PlyCount "80"]
[EventDate "2004.09.10"]
[EventType "swiss"]
[EventRounds "8"]
[EventCountry "SWE"]
[SourceTitle "EXT 2005"]
[Source "ChessBase"]
[SourceDate "2004.11.15"]
[SourceVersion "1"]
[SourceVersionDate "2004.11.15"]
[SourceQuality "1"]

1. d4 Nf6 2. c4 c5 3. Nf3 cxd4 4. Nxd4 e5 5. Nb3 d5 6. cxd5 Qxd5 7. Bd2 Be7 8. Nc3 Qd8 9. e4 0-0 10. Be2 Be6 11. Qc2 Nc6 12. Rd1 Qc7 13. Be3 Rad8 14. Na4 Bxb3 15. axb3 Bb4+ 16. Kf1 Qa5 17. Ra1 Nd4 18. Bxd4 Rxd4 19. Rd1 Rxe4 20. g3 Rd4 21. Rxd4 exd4 22. Qd3 Rd8 23. Qb5 Qxb5 24. Bxb5 a6 25. Bd3 b5 26. Nb6 Rb8 27. Nc4 bxc4 28. Bxc4 Re8 29. Kg2 Re1 30. Rxe1 Bxe1 31. Kf1 Bd2 32. Bxa6 Bc1 33. f3 Bxb2 34. Bc4 Bc3 35. Ke2 Kf8 36. Kd3 Ke7 37. b4 Ne8 38. Ba6 Nc7 39. b5 Kd6 40. Kc4 Nxa6 0-1

[Event "Hallstahammar op"]
[Site "Hallstahammar"]
[Date "2004.09.11"]
[Round "6"]
[White "Dahlin, Harold"]
[Black "Styf, Josef"]
[Result "0-1"]
[WhiteElo "1663"]
[BlackElo "1970"]
[PlyCount "86"]
[EventDate "2004.09.10"]
[EventType "swiss"]
[EventRounds "8"]
[EventCountry "SWE"]
[SourceTitle "EXT 2005"]
[Source "ChessBase"]
[SourceDate "2004.11.15"]
[SourceVersion "1"]
[SourceVersionDate "2004.11.15"]
[SourceQuality "1"]

1. e4 c5 2. Nf3 d6 3. d4 cxd4 4. Nxd4 Nf6 5. f3 e5 6. Nf5 Bxf5 7. exf5 d5 8. Nc3 d4 9. Ne2 Nc6 10. a3 Qa5+ 11. Bd2 Qb6 12. Qc1 e4 13. fxe4 Nxe4 14. Nf4 0-0-0 15. Nd3 Bd6 16. Be2 Rde8 17. Qd1 Qc7 18. Kf1 Bxh2 19. Be1 Bg3 20. Rh3 Ne7 21. Bf3 Nxf5 22. Bxe4 Ne3+ 23. Kg1 Bh2+ 24. Rxh2 Nxd1 25. Bf5+ Kb8 26. Rxd1 Qxc2 27. Rc1 Qb3 28. Rh3 Qb5 29. Rf3 g6 30. Rc5 Rxe1+ 31. Kf2 Qb6 32. Kxe1 gxf5 33. Rcxf5 Re8+ 34. Kf2 Qh6 35. R5f4 Qc6 36. Rxd4 Qc2+ 37. Kg1 Rg8 38. Rf2 Qd1+ 39. Kh2 Qh5+ 40. Kg1 Qg5 41. Rdf4 Rd8 42. Ne1 Rd1 43. Kf1 Qe5 0-1

[Event "Hallstahammar op"]
[Site "Hallstahammar"]
[Date "2004.09.11"]
[Round "5"]
[White "Tiger Norqvist, Axel"]
[Black "Dahlin, Harold"]
[Result "0-1"]
[WhiteElo "1100"]
[BlackElo "1663"]
[PlyCount "52"]
[EventDate "2004.09.10"]
[EventType "swiss"]
[EventRounds "8"]
[EventCountry "SWE"]
[SourceTitle "EXT 2005"]
[Source "ChessBase"]
[SourceDate "2004.11.15"]
[SourceVersion "1"]
[SourceVersionDate "2004.11.15"]
[SourceQuality "1"]

1. e4 e6 2. d4 d5 3. e5 c5 4. c3 Nc6 5. Nf3 Qb6 6. Bd3 Bd7 7. Bc2 Rc8 8. 0-0 f5 9. exf6 Nxf6 10. Bg5 Be7 11. Bxf6 Bxf6 12. dxc5 Qxc5 13. Qd3 Nb4 14. Qd2 Nxc2 15. Qxc2 0-0 16. Re1 Qc7 17. h4 e5 18. Ng5 Bxg5 19. hxg5 e4 20. Qd2 Rf5 21. Na3 Rcf8 22. Rf1 Qe5 23. Nc4 Qe7 24. Na5 Rxg5 25. Nxb7 Bh3 26. Kh2 Bxg2 0-1